| 000 | 00396nam a22001337a 4500 | ||
|---|---|---|---|
| 999 |
_c531560 _d531560 |
||
| 022 | _a1990-6587 | ||
| 082 | _a658.4012 BUS | ||
| 100 |
_aIBA _924408 |
||
| 245 |
_aBusiness Review : _bResearch Journal of The Institute of Business Administration Karachi-Pakistan / _cIBA |
||
| 260 | _aKarachi. | ||
| 300 | _c24cm. | ||
| 650 |
_aBusiness Administration - Research Journals. _924409 |
||
| 942 |
_cCR _s1 |
||